Miraculous Ladybug Héros - Statistiques

Statistiques générales
  • Ce quiz a été pris 235 fois
    233 depuis la dernière actualisation
  • Le résultat moyen est 14 sur 21
Statistiques - réponses
Porteur Nom de Super-Héro/Villain % Correct
Adrien Chat Noir
99%
Marinette Ladybug
99%
Nino Carapace
82%
Gabriel S5 Monarque
78%
Zoé Vespéria
75%
Luka Vipérion
75%
Kim Roi Singe
69%
Alya S5 Rena Furtive
66%
Juleka Tigresse Pourpre
66%
Max Pégase
64%
Rose Pigella
64%
Félix Argos
63%
Kagami Ryuko
62%
Alix Bunnyx
60%
Marc Coq Courage
57%
Fei Ladydragon
56%
Mylène Polymouse
55%
Sabrina Traquemoiselle
55%
Nathaniel Caprikid
54%
Ivan Minotaurox
52%
Jessica Eagle
49%
Aucun quiz correspondant
Distribution des résultats
% des personnes avec chaque résultat
Percentile par nombre de réponses
Votre historique - résultats
Vous n’avez pas pris ce quiz depuis la dernière actualisation